<?xml version="1.0" encoding="UTF-8"?>
<record
    xmlns:xsi="http://www.w3.org/2001/XMLSchema-instance"
    xsi:schemaLocation="http://www.loc.gov/MARC21/slim http://www.loc.gov/standards/marcxml/schema/MARC21slim.xsd"
    xmlns="http://www.loc.gov/MARC21/slim">

  <leader>02130nam a22003254  4500</leader>
  <controlfield tag="001">114548</controlfield>
  <controlfield tag="003">DR-UNIBE</controlfield>
  <controlfield tag="005">20260407105055.0</controlfield>
  <controlfield tag="007">cr nn 008mamaa</controlfield>
  <controlfield tag="008">260407b2027    xxu|||||s|||| 00| 0 eng d</controlfield>
  <datafield tag="020" ind1=" " ind2=" ">
    <subfield code="a">9780443283581</subfield>
  </datafield>
  <datafield tag="020" ind1=" " ind2=" ">
    <subfield code="a">9780443283581 (electr&#xF3;nico)</subfield>
  </datafield>
  <datafield tag="040" ind1=" " ind2=" ">
    <subfield code="a">BIBLIOTECA UNIBE</subfield>
    <subfield code="c">BIBLIOTECA UNIBE</subfield>
    <subfield code="e">rda</subfield>
  </datafield>
  <datafield tag="041" ind1=" " ind2=" ">
    <subfield code="a">eng</subfield>
  </datafield>
  <datafield tag="245" ind1="1" ind2="0">
    <subfield code="a">Cellular and molecular immunology</subfield>
  </datafield>
  <datafield tag="250" ind1=" " ind2=" ">
    <subfield code="a">Und&#xE9;cima edici&#xF3;n</subfield>
  </datafield>
  <datafield tag="260" ind1=" " ind2=" ">
    <subfield code="a">Philadelphia :</subfield>
    <subfield code="b">Elsevier,</subfield>
    <subfield code="c">2026</subfield>
  </datafield>
  <datafield tag="300" ind1=" " ind2=" ">
    <subfield code="a">xi, 578 p&#xE1;ginas :</subfield>
    <subfield code="b">ilustraciones</subfield>
  </datafield>
  <datafield tag="500" ind1=" " ind2=" ">
    <subfield code="a">Recurso en l&#xED;nea:
Disponible para miembros de UNIBE a trav&#xE9;s del portal web del CRAI: https://www.unibe.edu.do/biblioteca/libros-electronicos/</subfield>
  </datafield>
  <datafield tag="505" ind1=" " ind2=" ">
    <subfield code="a">1. Overview of the immune system |
2. Cells and tissues of the immune system |
3. Leukocyte circulation and migration into tissues |
4. Innate immunity |
5. Antibodies and antigens |
6. Antigen presentation to T lymphocytes and the role of major histocompatibility complex molecules |
7. Immune receptors and signal transduction |
8. Lymphocyte development and antigen receptor gene rearrangement |
9. Activation and regulation of T lymphocytes |
10. Differentiation and functions of CD4+ effector T cells |
11. Differentiation and functions of CD8+ effector T cells |
12. B-cell activation and antibody production |
13. Effector mechanisms of humoral immunity |
14. Specialized immunity at epithelial barriers and in immune-privileged tissues |
15. Immunologic tolerance and autoimmunity |
16. Immunity to microbes |
17. Transplantation immunology |
18. Tumor immunology |
19. Hypersensitivity disorders |
20. Allergy |
21. Congenital and acquired immunodeficiencies |
</subfield>
  </datafield>
  <datafield tag="650" ind1=" " ind2="7">
    <subfield code="a">Inmunolog&#xED;a</subfield>
    <subfield code="2">lemb</subfield>
  </datafield>
  <datafield tag="650" ind1=" " ind2="7">
    <subfield code="a">Medicina</subfield>
    <subfield code="2">lemb</subfield>
    <subfield code="9">190212</subfield>
  </datafield>
  <datafield tag="655" ind1=" " ind2="4">
    <subfield code="a">Recurso electr&#xF3;nico</subfield>
    <subfield code="9">42681</subfield>
  </datafield>
  <datafield tag="700" ind1=" " ind2=" ">
    <subfield code="a">Abbas, Abul K.</subfield>
    <subfield code="9">22868</subfield>
    <subfield code="e">autor</subfield>
  </datafield>
  <datafield tag="700" ind1=" " ind2=" ">
    <subfield code="a">Lichtman, Andrew H. H.</subfield>
    <subfield code="9">181593</subfield>
    <subfield code="e">autor</subfield>
  </datafield>
  <datafield tag="700" ind1=" " ind2=" ">
    <subfield code="a">Pillai, Shiv</subfield>
    <subfield code="9">36465</subfield>
    <subfield code="e">autor</subfield>
  </datafield>
  <datafield tag="700" ind1=" " ind2=" ">
    <subfield code="a">Henrickson, Sarah E.</subfield>
    <subfield code="9">204130</subfield>
    <subfield code="e">autor</subfield>
  </datafield>
  <datafield tag="856" ind1=" " ind2=" ">
    <subfield code="u">https://www.clinicalkey.com/student/content/toc/3-s2.0-C20230509061</subfield>
  </datafield>
  <datafield tag="942" ind1=" " ind2=" ">
    <subfield code="2">ddc</subfield>
    <subfield code="c">EB</subfield>
  </datafield>
  <datafield tag="999" ind1=" " ind2=" ">
    <subfield code="c">114548</subfield>
    <subfield code="d">114548</subfield>
  </datafield>
  <datafield tag="952" ind1=" " ind2=" ">
    <subfield code="0">0</subfield>
    <subfield code="1">0</subfield>
    <subfield code="2">ddc</subfield>
    <subfield code="7">0</subfield>
    <subfield code="8">eTEXT</subfield>
    <subfield code="a">Principal</subfield>
    <subfield code="d">2026-04-07</subfield>
    <subfield code="l">0</subfield>
    <subfield code="p">EB0529</subfield>
    <subfield code="r">2026-04-07 10:47:25</subfield>
    <subfield code="t">copias ilimitadas</subfield>
    <subfield code="w">2026-04-07</subfield>
    <subfield code="y">EB</subfield>
  </datafield>
</record>
